Drake Lyrics - Look What You've Done - Statistics

General Stats
  • This quiz has been taken 116 times
  • The average score is 187 of 366
Answer Stats
Hint Answer % Correct
you
100%
a
98%
i
98%
I
98%
and
93%
in
93%
like
93%
love
93%
im
92%
it
92%
with
92%
basement
90%
09
88%
your
88%
Its
85%
its
85%
still
75%
but
69%
her
69%
be
68%
hurt
68%
on
64%
back
63%
nebby
63%
me
61%
was
61%
wasnt
61%
because
59%
heavy
59%
J
59%
ready
59%
the
59%
to
59%
x2 Yeah
58%
yeah
58%
neck
56%
argue
54%
fell
54%
my
54%
smoking
54%
we
54%
cause
53%
deadly
53%
through
53%
are
51%
hate
51%
lecture
51%
those
51%
bullshit
49%
father
49%
just
49%
us
49%
button
47%
money
47%
sit
47%
as
46%
fuck
46%
one
46%
push
46%
so
46%
spending
46%
about
44%
heart
44%
out
44%
look
42%
next
42%
tell
42%
that
42%
what
42%
does
39%
now
39%
move
37%
then
37%
all
34%
mine
34%
too
34%
done
32%
heartbeat
32%
see
32%
ash
31%
call
31%
hurts
31%
our
31%
sorry
31%
world
31%
bad
29%
counter
29%
cut
29%
kitchen
29%
painkillers
29%
youve
29%
deep
27%
words
27%
leave
25%
two
25%
they
24%
have
22%
ill
22%
is
22%
maybe
22%
shit
22%
were
22%
when
22%
get
20%
bank
19%
healthy
19%
real
19%
Man
17%
man
17%
werent
17%
worked
17%
if
15%
robbing
15%
should
15%
uh
15%
hard
14%
oh
14%
street
14%
up
14%
wouldnt
14%
gon
12%
got
12%
job
12%
make
12%
try
12%
walk
12%
youre
12%
for
10%
phone
10%
probably
10%
this
10%
wayne
10%
at
8%
deserve
8%
houston
8%
son
8%
17
7%
been
7%
calls
7%
come
7%
end
7%
flight
7%
know
7%
mixtape
7%
Neeks
7%
Rome
7%
songs
7%
thing
7%
well
7%
conversation
5%
gone
5%
grammy
5%
home
5%
long
5%
morning
5%
of
5%
off
5%
signing
5%
time
5%
after
3%
boy
3%
dreamed
3%
finally
3%
girl
3%
good
3%
need
3%
operation
3%
promise
3%
send
3%
somethin
3%
stressed
3%
things
3%
almost
2%
gets
2%
hes
2%
knew
2%
pinch
2%
something
2%
thinking
2%
shoulda
0%
No matching quizzes found
Score Distribution
Percent of People with Each Score
Percentile by Number Answered
Your Score History
You have not taken this quiz